Top 10 des équipes nationales qui ont marqué le plus vite - Statistiques

Statistiques générales
  • Ce quiz a été pris 35 fois
  • Le résultat moyen est 6 sur 10
Statistiques - réponses
Hint Réponse % Correct
6# (31 secondes) France
97%
8# (35 secondes) France
97%
3# (25 secondes) Allemagne
94%
4# (28 secondes) Angleterre
82%
5# (30 secondes) États-Unis
65%
7# (35 secondes) Suède
44%
1# (11 secondes) Turquie
44%
9# (50 secondes) Hongrie
29%
10# (50 secondes) Roumanie
21%
2# (15 secondes) Tchécoslovaquie
21%
Aucun quiz correspondant
Distribution des résultats
% des personnes avec chaque résultat
Percentile par nombre de réponses
Votre historique - résultats
Vous n’avez pas pris ce quiz